01992nam a2200265 a 450000100060000000300080000600500170001400800410003103500190007204000310009104100080012208200240013010000450015424501710019926000400037030000260041050507590043660000430119565000410123894200120127999900170129195201360130895201410144495201410158555538BD-RjUL20211209080259.0161119s1949 enkf 000 0aeng  a(BD-RjUL)55661 aDLCdBD-RjULbengcBD-RjUL aeng 223a821.7bWOP 19491 aWordsworth, William,d1770-1850.915997804aThe poetical works of William Wordsworth /cWilliam Wordsworth ; Edited from the manuscripts with textual and critical notes by E. de Selincourt and Helen Darbishire. aOxford :bAt The Clarendon ,,c1949 a v. :bill, ;c18 cm.0 a[v. 1] Poems written in youth. Poems referring to the period to childhood.--[v. 2] Poems found on the affections. Poems on the naming of places. Poems of the fancy. Poems of the imagination.--[v. 3] Miscellaneous sonnets. Memorials of various tours. Poems dedicated to national independence and liberty. The Egyptian maid. The river Duddon series. The white doe and other narrative poems. Ecclesiastical sonnets.--[v. 4] Evening voluntaries. Itinerary poems of 1833. Poems of sentiment and reflection. Sonnets dedicated to liberty and order. Miscellaneous poems. Inscriptions. Selections from Chaucer. Poems referring to the period of old age. Epitaphs and elegiac pieces. Ode: Intimations of immortality..-[v.5] The excursion. The recluse, pt. 1, bk. 1. aWordsworth, Williamc1770-18509159978 aEnglish poetryy18th century9165428 2ddccBK c55538d55538 00102ddc40708NFICaRUCLbRUCLcStackd1955-03-22eO.U.Pg0.00l0o821.7 WOP Pt-1 1949r2016-11-19 00:00:00tC-2w2021-12-09yBK 00102ddc40708NFICaRUCLbRUCLcStackd1955-02-19eZeitlingerg14.10l0o821.7 WOP V-4 1947r2016-11-20 00:00:00tC-3w2021-12-09yBK 00102ddc40708NFICaRUCLbRUCLcStackd1955-02-19eZeitlingerg16.14l0o821.7 WOP V-3 1946r2016-11-20 00:00:00tC-4w2021-12-09yBK